00342pab a2200121 454500008004000000100002300040245008200063260000900145300001700154362000800171650001200179773002900191180718b2017 xxu||||| |||| 00| 0 eng d aAladangady, Aditya aHousing wealth and consumption: evidence from geographically linked microdata c2017 ap.3415-3446. aNov aHousing aAmerican Economic Review